[Event "Campeonato España Sub 12"]
[Site "Salobreña"]
[Date "2017.07.10"]
[Round "1"]
[White "Crespo Diaz, David"]
[Black "Garrido Outon, Alex"]
[Result "0-1"]
[Board "1"]
[WhiteElo "1377"]
[WhiteCountry "ESP"]
[WhiteFideId "24516465"]
[WhiteEloChange "-2"]
[BlackElo "2074"]
[BlackCountry "ESP"]
[BlackFideId "24516279"]
[BlackEloChange "2"]

1. e4 {[%clk 1:30:30]} e5 {[%clk 1:30:30]} 2. Nf3 {[%clk 1:30:30]} Nc6 {[%clk
1:30:30]} 3. Bc4 {[%clk 1:30:30]} Bc5 {[%clk 1:30:30]} 4. O-O {[%clk 1:30:30]}
Nf6 {[%clk 1:30:30]} 5. Nc3 {[%clk 1:30:30]} a6 {[%clk 1:30:30]} 6. d3 {[%clk
1:30:30]} O-O {[%clk 1:30:30]} 7. Bg5 {[%clk 1:30:30]} h6 {[%clk 1:30:30]} 8. Bh4
{[%clk 1:30:30]} Be7 {[%clk 1:30:30]} 9. h3 {[%clk 1:30:30]} d6 {[%clk 1:30:30]}
10. d4 {[%clk 1:30:30]} exd4 {[%clk 1:30:30]} 11. Nxd4 {[%clk 1:30:30]} Ne5
{[%clk 1:30:30]} 12. Bd3 {[%clk 1:30:30]} c5 {[%clk 1:30:30]} 13. Nf5 {[%clk
1:30:30]} Bxf5 {[%clk 1:30:30]} 14. exf5 {[%clk 1:30:30]} d5 {[%clk 1:30:30]} 15.
Re1 {[%clk 1:30:30]} Ned7 {[%clk 1:30:30]} 16. Qf3 {[%clk 1:30:30]} d4 {[%clk
1:30:30]} 17. Bxf6 {[%clk 1:30:30]} Nxf6 {[%clk 1:30:30]} 18. Ne4 {[%clk
1:30:30]} b5 {[%clk 1:30:30]} 19. Rad1 {[%clk 1:30:30]} Nd7 {[%clk 1:30:30]} 20.
Qg3 {[%clk 1:30:30]} Qb6 {[%clk 1:30:30]} 21. Nd2 {[%clk 1:30:30]} Bd6 {[%clk
1:30:30]} 22. f4 {[%clk 1:30:30]} Nf6 {[%clk 1:30:30]} 23. Kh1 {[%clk 1:30:30]}
Qc7 {[%clk 1:30:30]} 24. Ne4 {[%clk 1:30:30]} Nh5 {[%clk 1:30:30]} 25. Qg4 {[%clk
1:30:30]} Nxf4 {[%clk 1:30:30]} 26. f6 {[%clk 1:30:30]} g6 {[%clk 1:30:30]} 27.
Qh4 {[%clk 1:30:30]} h5 {[%clk 1:30:30]} 28. Qg5 {[%clk 1:30:30]} Ne6 {[%clk
1:30:30]} 29. Qd5 {[%clk 1:30:30]} Rad8 {[%clk 1:30:30]} 30. Nxd6 {[%clk
1:30:30]} Qxd6 {[%clk 1:30:30]} 31. Qxd6 {[%clk 1:30:30]} Rxd6 {[%clk 1:30:30]}
32. Re5 {[%clk 1:30:30]} c4 {[%clk 1:30:30]} 33. Be4 {[%clk 1:30:30]} Rfd8 {[%clk
1:30:30]} 34. g4 {[%clk 1:30:30]} hxg4 {[%clk 1:30:30]} 35. hxg4 {[%clk 1:30:30]}
Nf8 {[%clk 1:30:30]} 36. g5 {[%clk 1:30:30]} Nd7 {[%clk 1:30:30]} 37. Re7 {[%clk
1:30:30]} Nc5 {[%clk 1:30:30]} 38. Re1 {[%clk 1:30:30]} Re6 {[%clk 1:30:30]} 39.
Rxe6 {[%clk 1:30:30]} Nxe6 {[%clk 1:30:30]} 40. Bxg6 {[%clk 1:30:30]} Nxg5 {[%clk
1:30:30]} 41. Bh5 {[%clk 1:30:30]} Kh7 {[%clk 1:30:30]} 42. Re7 {[%clk 1:30:30]}
d3 {[%clk 1:30:30]} 43. cxd3 {[%clk 1:30:30]} cxd3 {[%clk 1:30:30]} 44. Re1
{[%clk 1:30:30]} Kh6 {[%clk 1:30:30]} 45. Bg4 {[%clk 1:30:30]} d2 {[%clk
1:30:30]} 46. Rd1 {[%clk 1:30:30]} Ne4 {[%clk 1:30:30]} 47. Kg2 {[%clk 1:30:30]}
Kg5 {[%clk 1:30:30]} 48. Bf3 {[%clk 1:30:30]} Kf4 {[%clk 1:30:30]} 49. Bxe4
{[%clk 1:30:30]} Kxe4 {[%clk 1:30:30]} 50. Kf2 {[%clk 1:30:30]} Kd3 {[%clk
1:30:30]} 51. Rh1 {[%clk 1:30:30]} Kc2 {[%clk 1:30:30]} 0-1

[Event "Campeonato España Sub 12"]
[Site "Salobreña"]
[Date "2017.07.10"]
[Round "1"]
[White "Fernandez Lopez, Ruben"]
[Black "Macias de Castro, Alberto"]
[Result "1-0"]
[Board "2"]
[WhiteElo "1982"]
[WhiteCountry "ESP"]
[WhiteFideId "24518298"]
[WhiteEloChange "2"]
[BlackElo "1370"]
[BlackCountry "ESP"]
[BlackFideId "24530557"]
[BlackEloChange "-2"]

1. e4 {[%clk 1:30:30]} e6 {[%clk 1:30:30]} 2. d4 {[%clk 1:30:30]} d5 {[%clk
1:30:30]} 3. Nd2 {[%clk 1:30:30]} c5 {[%clk 1:30:30]} 4. exd5 {[%clk 1:30:30]}
exd5 {[%clk 1:30:30]} 5. Ngf3 {[%clk 1:30:30]} Nc6 {[%clk 1:30:30]} 6. Bb5 {[%clk
1:30:30]} Bd7 {[%clk 1:30:30]} 7. O-O {[%clk 1:30:30]} Bd6 {[%clk 1:30:30]} 8.
dxc5 {[%clk 1:30:30]} Bxc5 {[%clk 1:30:30]} 9. Nb3 {[%clk 1:30:30]} Qb6 {[%clk
1:30:30]} 10. Qxd5 {[%clk 1:30:30]} Qxb5 {[%clk 1:30:30]} 11. Nxc5 {[%clk
1:30:30]} Nf6 {[%clk 1:30:30]} 12. Re1+ {[%clk 1:30:30]} Ne7 {[%clk 1:30:30]} 13.
Qd6 {[%clk 1:30:30]} Ng8 {[%clk 1:30:30]} 14. Nd4 {[%clk 1:30:30]} Qa5 {[%clk
1:30:30]} 15. Qxd7+ {[%clk 1:30:30]} Kf8 {[%clk 1:30:30]} 16. Re5 {[%clk
1:30:30]} Qb4 {[%clk 1:30:30]} 17. c3 {[%clk 1:30:30]} Qc4 {[%clk 1:30:30]} 18.
Bd2 {[%clk 1:30:30]} f6 {[%clk 1:30:30]} 19. b3 {[%clk 1:30:30]} fxe5 {[%clk
1:30:30]} 20. bxc4 {[%clk 1:30:30]} exd4 {[%clk 1:30:30]} 21. Re1 {[%clk
1:30:30]} dxc3 {[%clk 1:30:30]} 22. Bg5 {[%clk 1:30:30]} Re8 {[%clk 1:30:30]} 23.
Qe6 {[%clk 1:30:30]} h6 {[%clk 1:30:30]} 24. Nd7# {[%clk 1:30:30]} 1-0

[Event "Campeonato España Sub 12"]
[Site "Salobreña"]
[Date "2017.07.10"]
[Round "1"]
[White "Plamenova Radkova, Valentina"]
[Black "Revaliente Montoya, Ciro"]
[Result "0-1"]
[Board "3"]
[WhiteElo "1367"]
[WhiteCountry "ESP"]
[WhiteFideId "24560324"]
[WhiteEloChange "-2"]
[BlackElo "1992"]
[BlackCountry "ESP"]
[BlackFideId "24538442"]
[BlackEloChange "2"]

1. e4 {[%clk 1:30:30]} c5 {[%clk 1:30:30]} 2. Nf3 {[%clk 1:30:30]} d6 {[%clk
1:30:30]} 3. d4 {[%clk 1:30:30]} cxd4 {[%clk 1:30:30]} 4. Nxd4 {[%clk 1:30:30]}
Nf6 {[%clk 1:30:30]} 5. Nc3 {[%clk 1:30:30]} a6 {[%clk 1:30:30]} 6. Be3 {[%clk
1:30:30]} Ng4 {[%clk 1:30:30]} 7. Bg5 {[%clk 1:30:30]} h6 {[%clk 1:30:30]} 8. Bh4
{[%clk 1:30:30]} g5 {[%clk 1:30:30]} 9. Bg3 {[%clk 1:30:30]} Bg7 {[%clk 1:30:30]}
10. Be2 {[%clk 1:30:30]} h5 {[%clk 1:30:30]} 11. Bxg4 {[%clk 1:30:30]} Bxg4
{[%clk 1:30:30]} 12. f3 {[%clk 1:30:30]} Bd7 {[%clk 1:30:30]} 13. Qd2 {[%clk
1:30:30]} h4 {[%clk 1:30:30]} 14. Bf2 {[%clk 1:30:30]} Nc6 {[%clk 1:30:30]} 15.
Nxc6 {[%clk 1:30:30]} bxc6 {[%clk 1:30:30]} 16. Bd4 {[%clk 1:30:30]} Bxd4 {[%clk
1:30:30]} 17. Qxd4 {[%clk 1:30:30]} Rg8 {[%clk 1:30:30]} 18. e5 {[%clk 1:30:30]}
dxe5 {[%clk 1:30:30]} 19. Qxe5 {[%clk 1:30:30]} Qb8 {[%clk 1:30:30]} 20. Qd4
{[%clk 1:30:30]} Qxb2 {[%clk 1:30:30]} 21. Rb1 {[%clk 1:30:30]} Qxc2 {[%clk
1:30:30]} 22. O-O {[%clk 1:30:30]} h3 {[%clk 1:30:30]} 23. Rf2 {[%clk 1:30:30]}
Qg6 {[%clk 1:30:30]} 24. Rb7 {[%clk 1:30:30]} Rd8 {[%clk 1:30:30]} 25. Rd2 {[%clk
1:30:30]} Qe6 {[%clk 1:30:30]} 26. Ne4 {[%clk 1:30:30]} g4 {[%clk 1:30:30]} 27.
Qf2 {[%clk 1:30:30]} gxf3 {[%clk 1:30:30]} 28. Qxf3 {[%clk 1:30:30]} Rxg2+ {[%clk
1:30:30]} 29. Rxg2 {[%clk 1:30:30]} hxg2 {[%clk 1:30:30]} 30. Qxg2 {[%clk
1:30:30]} Qg4 {[%clk 1:30:30]} 31. Qxg4 {[%clk 1:30:30]} Bxg4 {[%clk 1:30:30]}
32. Rb6 {[%clk 1:30:30]} Bf3 {[%clk 1:30:30]} 33. Ng5 {[%clk 1:30:30]} Rd1+
{[%clk 1:30:30]} 34. Kf2 {[%clk 1:30:30]} Bd5 {[%clk 1:30:30]} 35. Rxa6 {[%clk
1:30:30]} Rd2+ {[%clk 1:30:30]} 36. Kg3 {[%clk 1:30:30]} Rg2+ {[%clk 1:30:30]}
37. Kf4 {[%clk 1:30:30]} Rxh2 {[%clk 1:30:30]} 38. Ra8+ {[%clk 1:30:30]} Kd7
{[%clk 1:30:30]} 39. Ra7+ {[%clk 1:30:30]} Kd6 {[%clk 1:30:30]} 40. a4 {[%clk
1:30:30]} e5+ {[%clk 1:30:30]} 41. Ke3 {[%clk 1:30:30]} f5 {[%clk 1:30:30]} 42.
a5 {[%clk 1:30:30]} f4+ {[%clk 1:30:30]} 43. Kd3 {[%clk 1:30:30]} f3 {[%clk
1:30:30]} 0-1

[Event "Campeonato España Sub 12"]
[Site "Salobreña"]
[Date "2017.07.10"]
[Round "1"]
[White "Reyes Penas, Sebastian"]
[Black "Herrera Salvador, Francisco Alej"]
[Result "1-0"]
[Board "4"]
[WhiteElo "1940"]
[WhiteCountry "ESP"]
[WhiteFideId "32035780"]
[WhiteEloChange "2"]
[BlackElo "1359"]
[BlackCountry "ESP"]
[BlackFideId "24516201"]
[BlackEloChange "-2"]

1. e4 {[%clk 1:30:30]} c5 {[%clk 1:30:30]} 2. Nf3 {[%clk 1:30:30]} d6 {[%clk
1:30:30]} 3. d4 {[%clk 1:30:30]} cxd4 {[%clk 1:30:30]} 4. Nxd4 {[%clk 1:30:30]}
Nf6 {[%clk 1:30:30]} 5. Nc3 {[%clk 1:30:30]} a6 {[%clk 1:30:30]} 6. g3 {[%clk
1:30:30]} g6 {[%clk 1:30:30]} 7. Bg2 {[%clk 1:30:30]} Bg7 {[%clk 1:30:30]} 8. O-O
{[%clk 1:30:30]} O-O {[%clk 1:30:30]} 9. h3 {[%clk 1:30:30]} Qc7 {[%clk 1:30:30]}
10. Be3 {[%clk 1:30:30]} Bd7 {[%clk 1:30:30]} 11. Qd2 {[%clk 1:30:30]} Nc6 {[%clk
1:30:30]} 12. Nde2 {[%clk 1:30:30]} b5 {[%clk 1:30:30]} 13. f4 {[%clk 1:30:30]}
Rab8 {[%clk 1:30:30]} 14. a3 {[%clk 1:30:30]} Rfc8 {[%clk 1:30:30]} 15. Rac1
{[%clk 1:30:30]} a5 {[%clk 1:30:30]} 16. Nd5 {[%clk 1:30:30]} Nxd5 {[%clk
1:30:30]} 17. exd5 {[%clk 1:30:30]} Nd8 {[%clk 1:30:30]} 18. Bd4 {[%clk 1:30:30]}
Bxd4+ {[%clk 1:30:30]} 19. Nxd4 {[%clk 1:30:30]} Qb6 {[%clk 1:30:30]} 20. Kh2
{[%clk 1:30:30]} b4 {[%clk 1:30:30]} 21. f5 {[%clk 1:30:30]} Kg7 {[%clk 1:30:30]}
22. Rce1 {[%clk 1:30:30]} e6 {[%clk 1:30:30]} 23. f6+ {[%clk 1:30:30]} Kf8 {[%clk
1:30:30]} 24. Qh6+ {[%clk 1:30:30]} Ke8 {[%clk 1:30:30]} 25. Qxh7 {[%clk
1:30:30]} Bb5 {[%clk 1:30:30]} 26. dxe6 {[%clk 1:30:30]} Nxe6 {[%clk 1:30:30]}
27. Rxe6+ {[%clk 1:30:30]} Kd8 {[%clk 1:30:30]} 28. Nxb5 {[%clk 1:30:30]} Qxb5
{[%clk 1:30:30]} 29. Qg8+ {[%clk 1:30:30]} Kc7 {[%clk 1:30:30]} 30. Qxf7+ {[%clk
1:30:30]} Kb6 {[%clk 1:30:30]} 31. Rxd6+ {[%clk 1:30:30]} 1-0

[Event "Campeonato España Sub 12"]
[Site "Salobreña"]
[Date "2017.07.10"]
[Round "1"]
[White "Casado Alcoba, Alejandro"]
[Black "Zhou, Lulu"]
[Result "0-1"]
[Board "5"]
[WhiteElo "1358"]
[WhiteCountry "ESP"]
[WhiteFideId "24542318"]
[WhiteEloChange "-2"]
[BlackElo "1964"]
[BlackCountry "ESP"]
[BlackFideId "24540943"]
[BlackEloChange "2"]

1. e4 {[%clk 1:30:30]} e5 {[%clk 1:30:30]} 2. Nf3 {[%clk 1:30:30]} Nc6 {[%clk
1:30:30]} 3. Bc4 {[%clk 1:30:30]} Bc5 {[%clk 1:30:30]} 4. c3 {[%clk 1:30:30]} Nf6
{[%clk 1:30:30]} 5. d4 {[%clk 1:30:30]} exd4 {[%clk 1:30:30]} 6. cxd4 {[%clk
1:30:30]} Bb4+ {[%clk 1:30:30]} 7. Bd2 {[%clk 1:30:30]} Bxd2+ {[%clk 1:30:30]} 8.
Nbxd2 {[%clk 1:30:30]} d5 {[%clk 1:30:30]} 9. exd5 {[%clk 1:30:30]} Nxd5 {[%clk
1:30:30]} 10. h3 {[%clk 1:30:30]} O-O {[%clk 1:30:30]} 11. O-O {[%clk 1:30:30]}
Nb6 {[%clk 1:30:30]} 12. Bb3 {[%clk 1:30:30]} Nxd4 {[%clk 1:30:30]} 13. Nxd4
{[%clk 1:30:30]} Qxd4 {[%clk 1:30:30]} 14. Qc2 {[%clk 1:30:30]} c6 {[%clk
1:30:30]} 15. Rfd1 {[%clk 1:30:30]} Qf6 {[%clk 1:30:30]} 16. Ne4 {[%clk 1:30:30]}
Qe7 {[%clk 1:30:30]} 17. Nd6 {[%clk 1:30:30]} Be6 {[%clk 1:30:30]} 18. Bxe6
{[%clk 1:30:30]} fxe6 {[%clk 1:30:30]} 19. Qc5 {[%clk 1:30:30]} Nd5 {[%clk
1:30:30]} 20. Ne4 {[%clk 1:30:30]} Rae8 {[%clk 1:30:30]} 21. Qxa7 {[%clk
1:30:30]} Rf4 {[%clk 1:30:30]} 22. Nc3 {[%clk 1:30:30]} Qb4 {[%clk 1:30:30]} 23.
Nxd5 {[%clk 1:30:30]} exd5 {[%clk 1:30:30]} 24. b3 {[%clk 1:30:30]} Re2 {[%clk
1:30:30]} 25. Rf1 {[%clk 1:30:30]} d4 {[%clk 1:30:30]} 26. Qb8+ {[%clk 1:30:30]}
Rf8 {[%clk 1:30:30]} 27. Qg3 {[%clk 1:30:30]} Rd2 {[%clk 1:30:30]} 28. a3 {[%clk
1:30:30]} Qc3 {[%clk 1:30:30]} 29. Qxc3 {[%clk 1:30:30]} dxc3 {[%clk 1:30:30]}
30. Rad1 {[%clk 1:30:30]} Re8 {[%clk 1:30:30]} 31. Rc1 {[%clk 1:30:30]} c2 {[%clk
1:30:30]} 32. g3 {[%clk 1:30:30]} Ree2 {[%clk 1:30:30]} 33. Kg2 {[%clk 1:30:30]}
Rd3 {[%clk 1:30:30]} 0-1

[Event "Campeonato España Sub 12"]
[Site "Salobreña"]
[Date "2017.07.10"]
[Round "1"]
[White "Perez Guerra, Raul"]
[Black "Perez Bolanos, Joel"]
[Result "1-0"]
[Board "6"]
[WhiteElo "1951"]
[WhiteCountry "ESP"]
[WhiteFideId "32078188"]
[WhiteEloChange "2"]
[BlackElo "1381"]
[BlackCountry "ESP"]
[BlackFideId "24564419"]
[BlackEloChange "-2"]

1. e4 {[%clk 1:30:30]} c5 {[%clk 1:30:30]} 2. Nc3 {[%clk 1:30:30]} Nc6 {[%clk
1:30:30]} 3. g3 {[%clk 1:30:30]} g6 {[%clk 1:30:30]} 4. Bg2 {[%clk 1:30:30]} d6
{[%clk 1:30:30]} 5. d3 {[%clk 1:30:30]} Rb8 {[%clk 1:30:30]} 6. Be3 {[%clk
1:30:30]} Bg7 {[%clk 1:30:30]} 7. Nge2 {[%clk 1:30:30]} Bd7 {[%clk 1:30:30]} 8.
O-O {[%clk 1:30:30]} b5 {[%clk 1:30:30]} 9. Qd2 {[%clk 1:30:30]} b4 {[%clk
1:30:30]} 10. Nd1 {[%clk 1:30:30]} a5 {[%clk 1:30:30]} 11. f4 {[%clk 1:30:30]} e6
{[%clk 1:30:30]} 12. g4 {[%clk 1:30:30]} a4 {[%clk 1:30:30]} 13. Rb1 {[%clk
1:30:30]} Nge7 {[%clk 1:30:30]} 14. f5 {[%clk 1:30:30]} Nc8 {[%clk 1:30:30]} 15.
Bh6 {[%clk 1:30:30]} Bxh6 {[%clk 1:30:30]} 16. Qxh6 {[%clk 1:30:30]} Qe7 {[%clk
1:30:30]} 17. Nf4 {[%clk 1:30:30]} Qf8 {[%clk 1:30:30]} 18. Qh4 {[%clk 1:30:30]}
Qe7 {[%clk 1:30:30]} 19. g5 {[%clk 1:30:30]} Nd8 {[%clk 1:30:30]} 20. fxg6 {[%clk
1:30:30]} fxg6 {[%clk 1:30:30]} 21. Nxg6 {[%clk 1:30:30]} 1-0

[Event "Campeonato España Sub 12"]
[Site "Salobreña"]
[Date "2017.07.10"]
[Round "1"]
[White "Garcia Caro, Juan Alber"]
[Black "Villalba Embid, Marcos"]
[Result "0-1"]
[Board "7"]
[WhiteElo "1355"]
[WhiteCountry "ESP"]
[WhiteFideId "24585386"]
[WhiteEloChange "-2"]
[BlackElo "1868"]
[BlackCountry "ESP"]
[BlackFideId "24505277"]
[BlackEloChange "2"]

1. e4 {[%clk 1:30:30]} Nf6 {[%clk 1:30:30]} 2. e5 {[%clk 1:30:30]} Nd5 {[%clk
1:30:30]} 3. d4 {[%clk 1:30:30]} d6 {[%clk 1:30:30]} 4. c4 {[%clk 1:30:30]} Nb6
{[%clk 1:30:30]} 5. f4 {[%clk 1:30:30]} dxe5 {[%clk 1:30:30]} 6. fxe5 {[%clk
1:30:30]} Nc6 {[%clk 1:30:30]} 7. c5 {[%clk 1:30:30]} Nd5 {[%clk 1:30:30]} 8. a3
{[%clk 1:30:30]} Bf5 {[%clk 1:30:30]} 9. Nc3 {[%clk 1:30:30]} e6 {[%clk 1:30:30]}
10. Bc4 {[%clk 1:30:30]} Qh4+ {[%clk 1:30:30]} 11. Kf1 {[%clk 1:30:30]} Qxd4
{[%clk 1:30:30]} 12. Qxd4 {[%clk 1:30:30]} Nxd4 {[%clk 1:30:30]} 13. Bxd5 {[%clk
1:30:30]} exd5 {[%clk 1:30:30]} 14. Nxd5 {[%clk 1:30:30]} O-O-O {[%clk 1:30:30]}
15. Ne3 {[%clk 1:30:30]} Bd3+ {[%clk 1:30:30]} 16. Kf2 {[%clk 1:30:30]} Nb3
{[%clk 1:30:30]} 17. Ra2 {[%clk 1:30:30]} Bb1 {[%clk 1:30:30]} 18. Ra1 {[%clk
1:30:30]} Nxa1 {[%clk 1:30:30]} 19. b4 {[%clk 1:30:30]} Nb3 {[%clk 1:30:30]} 20.
Ne2 {[%clk 1:30:30]} Nxc1 {[%clk 1:30:30]} 21. Rxc1 {[%clk 1:30:30]} Bg6 {[%clk
1:30:30]} 22. b5 {[%clk 1:30:30]} Be7 {[%clk 1:30:30]} 23. b6 {[%clk 1:30:30]}
axb6 {[%clk 1:30:30]} 24. cxb6 {[%clk 1:30:30]} c6 {[%clk 1:30:30]} 25. a4 {[%clk
1:30:30]} Bg5 {[%clk 1:30:30]} 26. Nc4 {[%clk 1:30:30]} Bxc1 {[%clk 1:30:30]} 0-1

[Event "Campeonato España Sub 12"]
[Site "Salobreña"]
[Date "2017.07.10"]
[Round "1"]
[White "Reguillaga Elias, Manex"]
[Black "Lavayen Torres, Leonardo"]
[Result "1-0"]
[Board "8"]
[WhiteElo "1817"]
[WhiteCountry "ESP"]
[WhiteFideId "24516341"]
[WhiteEloChange "2"]
[BlackElo "1349"]
[BlackCountry "ESP"]
[BlackFideId "24547476"]
[BlackEloChange "-2"]

1. d4 {[%clk 1:30:30]} Nf6 {[%clk 1:30:30]} 2. c4 {[%clk 1:30:30]} g6 {[%clk
1:30:30]} 3. Nc3 {[%clk 1:30:30]} Bg7 {[%clk 1:30:30]} 4. e4 {[%clk 1:30:30]} d6
{[%clk 1:30:30]} 5. Nf3 {[%clk 1:30:30]} Nbd7 {[%clk 1:30:30]} 6. Be2 {[%clk
1:30:30]} O-O {[%clk 1:30:30]} 7. O-O {[%clk 1:30:30]} e5 {[%clk 1:30:30]} 8. Re1
{[%clk 1:30:30]} exd4 {[%clk 1:30:30]} 9. Nxd4 {[%clk 1:30:30]} Nc5 {[%clk
1:30:30]} 10. Bf1 {[%clk 1:30:30]} Re8 {[%clk 1:30:30]} 11. f3 {[%clk 1:30:30]}
a5 {[%clk 1:30:30]} 12. Be3 {[%clk 1:30:30]} a4 {[%clk 1:30:30]} 13. Rb1 {[%clk
1:30:30]} c6 {[%clk 1:30:30]} 14. b4 {[%clk 1:30:30]} axb3 {[%clk 1:30:30]} 15.
axb3 {[%clk 1:30:30]} Qc7 {[%clk 1:30:30]} 16. Qd2 {[%clk 1:30:30]} Be6 {[%clk
1:30:30]} 17. Red1 {[%clk 1:30:30]} Ra3 {[%clk 1:30:30]} 18. b4 {[%clk 1:30:30]}
Na4 {[%clk 1:30:30]} 19. Ncb5 {[%clk 1:30:30]} cxb5 {[%clk 1:30:30]} 20. Nxb5
{[%clk 1:30:30]} Qd8 {[%clk 1:30:30]} 21. Nxa3 {[%clk 1:30:30]} Nd7 {[%clk
1:30:30]} 22. Bd4 {[%clk 1:30:30]} Ne5 {[%clk 1:30:30]} 23. Qc2 {[%clk 1:30:30]}
Nb6 {[%clk 1:30:30]} 24. c5 {[%clk 1:30:30]} Nbd7 {[%clk 1:30:30]} 25. cxd6
{[%clk 1:30:30]} Qg5 {[%clk 1:30:30]} 26. Qf2 {[%clk 1:30:30]} f5 {[%clk
1:30:30]} 27. f4 {[%clk 1:30:30]} Qh6 {[%clk 1:30:30]} 28. Bxe5 {[%clk 1:30:30]}
Nxe5 {[%clk 1:30:30]} 29. fxe5 {[%clk 1:30:30]} Bxe5 {[%clk 1:30:30]} 30. g3
{[%clk 1:30:30]} f4 {[%clk 1:30:30]} 31. d7 {[%clk 1:30:30]} Bxd7 {[%clk
1:30:30]} 32. Rxd7 {[%clk 1:30:30]} fxg3 {[%clk 1:30:30]} 33. Qf7+ {[%clk
1:30:30]} 1-0

[Event "Campeonato España Sub 12"]
[Site "Salobreña"]
[Date "2017.07.10"]
[Round "1"]
[White "Santos Rodriguez, Marcos"]
[Black "Luque Saiz, Andres"]
[Result "0-1"]
[Board "9"]
[WhiteElo "1349"]
[WhiteCountry "ESP"]
[WhiteFideId "24538370"]
[WhiteEloChange "-2"]
[BlackElo "1821"]
[BlackCountry "ESP"]
[BlackFideId "24510793"]
[BlackEloChange "2"]

1. e4 {[%clk 1:30:30]} d5 {[%clk 1:30:30]} 2. exd5 {[%clk 1:30:30]} Qxd5 {[%clk
1:30:30]} 3. Nf3 {[%clk 1:30:30]} Qd8 {[%clk 1:30:30]} 4. Nc3 {[%clk 1:30:30]}
Nf6 {[%clk 1:30:30]} 5. Bc4 {[%clk 1:30:30]} Bg4 {[%clk 1:30:30]} 6. Ne5 {[%clk
1:30:30]} Be6 {[%clk 1:30:30]} 7. Bxe6 {[%clk 1:30:30]} fxe6 {[%clk 1:30:30]} 8.
O-O {[%clk 1:30:30]} g6 {[%clk 1:30:30]} 9. d4 {[%clk 1:30:30]} Bg7 {[%clk
1:30:30]} 10. Re1 {[%clk 1:30:30]} O-O {[%clk 1:30:30]} 11. Bg5 {[%clk 1:30:30]}
c6 {[%clk 1:30:30]} 12. Qd2 {[%clk 1:30:30]} Na6 {[%clk 1:30:30]} 13. Bh6 {[%clk
1:30:30]} Bxh6 {[%clk 1:30:30]} 14. Qxh6 {[%clk 1:30:30]} Qxd4 {[%clk 1:30:30]}
15. Nf3 {[%clk 1:30:30]} Qxf2+ {[%clk 1:30:30]} 16. Kxf2 {[%clk 1:30:30]} Ng4+
{[%clk 1:30:30]} 17. Kg1 {[%clk 1:30:30]} Nxh6 {[%clk 1:30:30]} 18. Rxe6 {[%clk
1:30:30]} Nf5 {[%clk 1:30:30]} 19. Rae1 {[%clk 1:30:30]} Nc7 {[%clk 1:30:30]} 20.
R6e4 {[%clk 1:30:30]} Na6 {[%clk 1:30:30]} 21. Nd4 {[%clk 1:30:30]} Nc5 {[%clk
1:30:30]} 22. Rf4 {[%clk 1:30:30]} Nxd4 {[%clk 1:30:30]} 23. Rxd4 {[%clk
1:30:30]} Rad8 {[%clk 1:30:30]} 24. Rxd8 {[%clk 1:30:30]} Rxd8 {[%clk 1:30:30]}
25. Rxe7 {[%clk 1:30:30]} Rd2 {[%clk 1:30:30]} 26. Re2 {[%clk 1:30:30]} Rxe2
{[%clk 1:30:30]} 27. Nxe2 {[%clk 1:30:30]} Kf7 {[%clk 1:30:30]} 28. Kf2 {[%clk
1:30:30]} Ke6 {[%clk 1:30:30]} 29. Ke3 {[%clk 1:30:30]} Ke5 {[%clk 1:30:30]} 30.
Nd4 {[%clk 1:30:30]} Nd7 {[%clk 1:30:30]} 31. Nf3+ {[%clk 1:30:30]} Ke6 {[%clk
1:30:30]} 32. Ng5+ {[%clk 1:30:30]} Kf5 {[%clk 1:30:30]} 33. Nf3 {[%clk 1:30:30]}
Nf6 {[%clk 1:30:30]} 34. Nd4+ {[%clk 1:30:30]} Ke5 {[%clk 1:30:30]} 35. Nf3+
{[%clk 1:30:30]} Ke6 {[%clk 1:30:30]} 36. h3 {[%clk 1:30:30]} h6 {[%clk 1:30:30]}
37. g4 {[%clk 1:30:30]} g5 {[%clk 1:30:30]} 38. Nd4+ {[%clk 1:30:30]} Ke5 {[%clk
1:30:30]} 39. Nf5 {[%clk 1:30:30]} h5 {[%clk 1:30:30]} 40. Nh6 {[%clk 1:30:30]}
Nd5+ {[%clk 1:30:30]} 41. Kf3 {[%clk 1:30:30]} h4 {[%clk 1:30:30]} 42. Nf7+
{[%clk 1:30:30]} Kf6 {[%clk 1:30:30]} 43. Nd6 {[%clk 1:30:30]} b5 {[%clk
1:30:30]} 44. Ne4+ {[%clk 1:30:30]} Kg6 {[%clk 1:30:30]} 45. c3 {[%clk 1:30:30]}
Nf4 {[%clk 1:30:30]} 46. Nf2 {[%clk 1:30:30]} Kf7 {[%clk 1:30:30]} 47. Ke4 {[%clk
1:30:30]} Ke6 {[%clk 1:30:30]} 48. Kd4 {[%clk 1:30:30]} a6 {[%clk 1:30:30]} 49.
Ke4 {[%clk 1:30:30]} c5 {[%clk 1:30:30]} 50. b4 {[%clk 1:30:30]} c4 {[%clk
1:30:30]} 51. Kf3 {[%clk 1:30:30]} Ke5 {[%clk 1:30:30]} 52. a3 {[%clk 1:30:30]}
Ke6 {[%clk 1:30:30]} 53. Ke4 {[%clk 1:30:30]} Kf6 {[%clk 1:30:30]} 54. Kf3 {[%clk
1:30:30]} Ke5 {[%clk 1:30:30]} 55. Ke3 {[%clk 1:30:30]} Nd5+ {[%clk 1:30:30]} 56.
Kd2 {[%clk 1:30:30]} Kf4 {[%clk 1:30:30]} 57. Kc2 {[%clk 1:30:30]} Ke3 {[%clk
1:30:30]} 58. Nd1+ {[%clk 1:30:30]} Ke2 {[%clk 1:30:30]} 59. Nb2 {[%clk 1:30:30]}
Nf4 {[%clk 1:30:30]} 0-1

[Event "Campeonato España Sub 12"]
[Site "Salobreña"]
[Date "2017.07.10"]
[Round "1"]
[White "Travesset Sagre, Jan"]
[Black "Martin Morales, Fernando"]
[Result "1-0"]
[Board "10"]
[WhiteElo "1792"]
[WhiteCountry "ESP"]
[WhiteFideId "24538701"]
[WhiteEloChange "2"]
[BlackElo "1344"]
[BlackCountry "ESP"]
[BlackFideId "24538400"]
[BlackEloChange "-2"]

1. d4 {[%clk 1:30:30]} Nf6 {[%clk 1:30:30]} 2. Nf3 {[%clk 1:30:30]} e6 {[%clk
1:30:30]} 3. e3 {[%clk 1:30:30]} b6 {[%clk 1:30:30]} 4. Bd3 {[%clk 1:30:30]} Bb7
{[%clk 1:30:30]} 5. Nbd2 {[%clk 1:30:30]} Be7 {[%clk 1:30:30]} 6. O-O {[%clk
1:30:30]} d5 {[%clk 1:30:30]} 7. b3 {[%clk 1:30:30]} O-O {[%clk 1:30:30]} 8. Bb2
{[%clk 1:30:30]} c5 {[%clk 1:30:30]} 9. Ne5 {[%clk 1:30:30]} Nc6 {[%clk 1:30:30]}
10. f4 {[%clk 1:30:30]} Nd7 {[%clk 1:30:30]} 11. Rf3 {[%clk 1:30:30]} h6 {[%clk
1:30:30]} 12. Rh3 {[%clk 1:30:30]} Ndxe5 {[%clk 1:30:30]} 13. fxe5 {[%clk
1:30:30]} Nb4 {[%clk 1:30:30]} 14. Bf1 {[%clk 1:30:30]} Bg5 {[%clk 1:30:30]} 15.
c3 {[%clk 1:30:30]} Nc6 {[%clk 1:30:30]} 16. Bd3 {[%clk 1:30:30]} Qe7 {[%clk
1:30:30]} 17. Qe2 {[%clk 1:30:30]} Rac8 {[%clk 1:30:30]} 18. Nf3 {[%clk 1:30:30]}
Qd8 {[%clk 1:30:30]} 19. Nxg5 {[%clk 1:30:30]} Qxg5 {[%clk 1:30:30]} 20. Rf1
{[%clk 1:30:30]} f6 {[%clk 1:30:30]} 21. Rg3 {[%clk 1:30:30]} 1-0